Newnes Dictionary of dates / (Record no. 80273)
[ view plain ]
| 000 -LEADER | |
|---|---|
| fixed length control field | 00857cam a22002531a 4500 |
| 001 - CONTROL NUMBER | |
| control field | 80273 |
| 003 - CONTROL NUMBER IDENTIFIER | |
| rucl marc code | BD-RjUL |
| 005 - DATE AND TIME OF LATEST TRANSACTION | |
| control field | 20220831154657.0 |
| 008 - FIXED-LENGTH DATA ELEMENTS--GENERAL INFORMATION | |
| fixed length control field | 220831r19661962enk d 000 0 eng |
| 035 ## - SYSTEM CONTROL NUMBER | |
| System control number | (BD-RjUL)80273 |
| 040 ## - CATALOGING SOURCE | |
| Original cataloging agency | BD-RjUL |
| Language of cataloging | eng |
| Transcribing agency | BD-RjUL |
| 041 ## - LANGUAGE CODE | |
| Language code of text/sound track or separate title | eng |
| 082 04 - DEWEY DECIMAL CLASSIFICATION NUMBER | |
| Classification number | 903 |
| Edition number | 23 |
| Author mark and year | CON 1966 |
| 100 1# - MAIN ENTRY--PERSONAL NAME | |
| Personal name | Collison, Robert L. |
| Fuller form of name | (Robert Lewis), |
| Dates associated with a name | 1914- |
| 9 (RLIN) | 4579 |
| 245 10 - TITLE STATEMENT | |
| Title | Newnes Dictionary of dates / |
| Statement of responsibility, etc. | compiled by Robert Collison. |
| 246 3# - VARYING FORM OF TITLE | |
| Title proper/short title | Newnes Dictionary of dates and Anniversries |
| 250 ## - EDITION STATEMENT | |
| Edition statement | 2nd revised ed. |
| 260 ## - PUBLICATION, DISTRIBUTION, ETC. (IMPRINT) | |
| Place of publication, distribution, etc. | London, |
| Name of publisher, distributor, etc. | Newnes, |
| Date of publication, distribution, etc. | 1966. |
| 300 ## - PHYSICAL DESCRIPTION | |
| Pagination | 428 p. ; |
| Size | 20 cm. |
| 500 ## - GENERAL NOTE | |
| General note | American editions published 1962-under title: Dictionaryof dates. |
| 650 #0 - SUBJECT ADDED ENTRY--TOPICAL TERM | |
| Topical term or geographic name as entry element | Calendars. |
| 9 (RLIN) | 4580 |
| Topical term or geographic name as entry element | Anniversaries |
| General subdivision | Dictionaries. |
| 9 (RLIN) | 4581 |
| 942 ## - ADDED ENTRY ELEMENTS (KOHA) | |
| Source of classification or shelving scheme | Dewey Decimal Classification |
| Koha item type | Reference |
| Lost status | Source of classification or shelving scheme | Damaged status | Not for loan | Collection code | Permanent Location | Current Location | Shelving location | Date acquired | Source of acquisition | Cost, normal purchase price | Total Checkouts | Full call number | Date last seen | Copy number | Koha item type |
|---|---|---|---|---|---|---|---|---|---|---|---|---|---|---|---|
| Dewey Decimal Classification | Not For Loan | Reference | Central Library, University of Rajshahi | Central Library, University of Rajshahi | Reference | 26/08/1968 | Zeitlinger | 35.00 | R 903 CON 1966 | 31/08/2022 | C-1 | Reference |